A maths primer : for economis, commerce and business administration students

Bibliographic Details
Main Author: Oslington, Paul
Format: Book
Language:English
Published: Australia : Addison-wesley Longman , 1999
Subjects:

MARC

LEADER 00000cam a2200000 7i4500
001 0000011452
005 20230523.0
008 030820 at eng
020 |a 0733905919 (pbk) 
040 |a INS 
090 0 0 |a QA39.3   |b .M4201 1999 
100 1 |a Oslington, Paul 
245 1 2 |a A maths primer :   |b for economis, commerce and business administration students   |c Paul Oslington 
260 |a Australia :   |b Addison-wesley Longman ,   |c 1999 
300 |a ix, 110 p. :   |b ill. ;   |c 22 cm. 
500 |a Includes index 
650 0 |a Mathematics 
999 |a 0000010153   |b BOOK   |c Open Shelf   |e Default branch